000 00349nam a2200133Ia 4500
008 151001s9999||||xx |||||||||||||| ||und||
100 _aहरी नारायण आपटे
245 _aउषःकाल
250 _a7
260 _bआर्यभूषण मुद्रणालय
260 _c1953
300 _a603
365 _b8
999 _c950220
_d950217